000 00399pab a2200145 454500
008 180718b2001 xxu||||| |||| 00| 0 eng d
100 _aChandra, Nirmal Kumar
245 _aD.R. Gadgil on political economy of planning: a centenary tribute
260 _c2001
300 _ap.3480-484
362 _a8 Sep
650 _aEconomic planning
773 _aEconomic and Political Weekly
909 _a49896
999 _c49896
_d49896